The road ahead: (Record no. 14862)

000 -LEADER
fixed length control field 00719nam a2200205 a 4500
001 - CONTROL NUMBER
control field :::00012697$&:&@@
003 - CONTROL NUMBER IDENTIFIER
control field OkBaRHE
005 - DATE AND TIME OF LATEST TRANSACTION
control field 20000907160337.0
008 - FIXED-LENGTH DATA ELEMENTS--GENERAL INFORMATION
fixed length control field s1961 j 000 0 eng u
040 ## - CATALOGING SOURCE
Transcribing agency
100 1# - MAIN ENTRY--PERSONAL NAME
Personal name Flynn, John Thomas. 1883-
245 14 - TITLE STATEMENT
Title The road ahead:
Remainder of title America's creeping revolution.
260 ## - PUBLICATION, DISTRIBUTION, ETC. (IMPRINT)
Place of publication, distribution, etc New York, NY., :
Name of publisher, distributor, etc The Devin-Adair Co.
Date of publication, distribution, etc c1961
300 ## - PHYSICAL DESCRIPTION
Extent 160 p. ;
Dimensions 19 cm.
650 ## - SUBJECT ADDED ENTRY--TOPICAL TERM
Topical term or geographic name as entry element Socialism in Great Britain
650 ## - SUBJECT ADDED ENTRY--TOPICAL TERM
Topical term or geographic name as entry element Socialism in the United States
650 ## - SUBJECT ADDED ENTRY--TOPICAL TERM
Topical term or geographic name as entry element United States Politics and Government
General subdivision 1901-1953.
942 ## - ADDED ENTRY ELEMENTS (KOHA)
Source of classification or shelving scheme
Koha item type Books
Copies
Copy number Withdrawn status Source of classification or shelving scheme Damaged status Koha item type Date last seen Permanent Location Barcode Full call number Price effective from Not for loan Current Location Shelving location Lost status Date acquired
1   Books2010-04-14RHEMA Bible Training College12697HX 86 F552010-04-14 RHEMA Bible Training CollegeGeneral Stacks 2010-04-14